| 000 | 03399nam0a2200409 4500 | ||
|---|---|---|---|
| 001 | RU\NLR\BIBL_A\016216402 | ||
| 005 | 20230222123911.0 | ||
| 010 |
_a978-5-17-150170-9 _92000 |
||
| 021 |
_aRU _bКН-П-22-074603 _9КН-П-22-6498 |
||
| 035 | _a(NLR Aleph) 016216402 | ||
| 035 | _a(RuMoRGB)011311548 | ||
| 090 |
_a12723738 _c12723738 |
||
| 100 | _a20221123d2022 u y0rusy50 ca | ||
| 101 | 0 | _arus | |
| 102 | _aRU | ||
| 105 | _aac z 010ay | ||
| 181 | 0 |
_ai3 _baxxe |
|
| 182 | 1 | _an | |
| 200 | 1 |
_aПтицы перелётные _e[сборник рассказов] _fВячеслав Малежик |
|
| 203 |
_aТекст _bвизуальный _cнепосредственный |
||
| 210 |
_aМосква _cАСТ _d2022 |
||
| 215 |
_a347, [3] с. _cил., портр. _d21 |
||
| 225 | 1 | _aПроза знаменитых людей | |
| 300 | _aНа обл.: В год 75-летнего юбилея маэстро - сборник его художественной прозы! | ||
| 327 | 1 | _aСодерж.: Птицы перелётные: повесть; Вспоминая, вспоминай: рассказы; Байки о Смогуле; Альбом: история одной пластинки; Стихи случаются порой... | |
| 330 | _aСборник художественной прозы Вячеслава Малежика содержит живые и занимательные рассказы на самые разные темы и в самых разных жанрах, а также повесть "Птицы перелётные" - историю о московских подростках, которые в середине 60-х годов открывают для себя рок-н-ролл и учатся играть эту непривычную для советского человека музыку. Среди персонажей без труда угадываются известные люди, знакомые читателям буквально с детства. Часть, озаглавленная "Альбом", включает в себя интересные факты о создании одноимённой пластинки Вячеслава Малежика. Каждой песне посвящена отдельная глава, и каждая глава - это полноценный рассказ: иногда смешной, иногда лирический, иногда поучительный, но неизменно увлекательный. Размещённые в главах QR-коды и ссылки позволяют прослушивать онлайн песни, о которых идёт речь. Завершает книгу подборка стихов, написанных Вячеславом Малежиком с 2016 по 2022 год и публикуемых впервые | ||
| 333 | _a16+ | ||
| 600 | 1 |
_aМалежик _bВ. Е. _gВячеслав Ефимович _f1947 _2nlr_sh2 _3RU\NLR\AUTH\661604139 |
|
| 675 |
_a821.161.1-32 _v4 |
||
| 686 | 1 | _aЩ364.13(2Р)7-83Малежик | |
| 686 | 2 | _aШ6(2=Р)8я44 | |
| 700 | 1 |
_aМалежик _bВ. Е. _f1947- _gВячеслав Ефимович |
|
| 942 | _cBOOK | ||
| 980 | _aNB | ||